000 01407nam a22003377a 4500
008 110314b1995 tu |||gr||||#||||0|tur |
040 _aTR-BiSEU
_btur
_cTR-BiSEU
_erda
001 0028443
003 KOHA_MİRAKIL
005 20260207002629.0
007 ta
020 _a9755740473
_q(c. 1)
041 0 _atur
044 _ctu
050 _aB741
_b.N37 1995
100 1 _aNasr, Seyyed Hossein..
245 1 _aMakaleler/
_cSeyyed Hossein. Nasr ; Seyyid Hüseyin Nasr; Türkçesi Şahabettin Yalçın.
264 1 _aİstanbul :
_bİnsan Yayınları
_c1995
300 _ac. ;
_c20 cm.
336 _ametin
_btxt
_2rdacontent
337 _aaracısız
_bn
_2rdamedia
338 _acilt
_bnc
_2rdacarrier
490 1 _aİnsan Yayınları ;
_v124.
490 1 _aDüşünce dizisi ;
_v29.
500 _ac. 1. Çok-dinli bir dünyada yaşamak--Ekolojik kriz :Hinduizm ve İslam'ın çevreye bakışı--Geleceğin aileleri :insan ve tabiatın uyumu--İslam ve modern düşünce üzerine--İslami eğitimde şifahi gelenek ve kitap--İslam bilimi ve batılı bilim :Ortak miras, farklı hedefler--İnsan ve medeniyetin geleceği üzerine düşünceler--İran ve diri kültürü--Kitap tanıtım yazıları.
650 0 _aİslami felsefesi.
_956303
650 0 _aIslamic philosophy.
_923248
830 1 _aİnsan Yayınları ;
_v124.
_93280
830 1 _aDüşünce dizisi ;
_v29.
_96264
942 _2lcc
_cBK
999 _c28366
_d28366